Statistiques concernant Quiz Voiture: Images Citroen

Cliquez ici pour prendre le quiz!

Statistiques générales

  • Ce quiz a été pris 192 fois
  • Le résultat moyen est 31 sur 48

Statistiques - réponses

Réponse% Correct
C4
99%
C1
98%
C3
98%
C2
97%
C5
97%
DS
97%
C6
93%
Ami
86%
DS3
86%
2CV
85%
C4 Picasso
85%
Xantia
84%
DS4
83%
DS5
80%
DS7 Crossback
80%
Xsara
80%
Saxo
78%
C8
77%
Berlingo
76%
C15
74%
C4 Cactus
74%
AX
72%
Mehari
72%
Traction
72%
C3 Picasso
71%
C3 Aircross
70%
C5 Aircross
70%
BX
69%
Xsara Picasso
66%
ZX
64%
C3 Pluriel
59%
C4 Aircross
58%
CX
56%
Jumpy
56%
SM
51%
Nemo
48%
Visa
48%
Evasion
39%
C-Elysée
38%
Dyane
36%
Ami 6
34%
C-Zero
34%
C25
24%
HY
24%
C-Crosser
20%
Axel
18%
C35
18%
Belphégor
7%

Distribution des résultats

Percentile par nombre de réponses

% des personnes avec chaque résultat

Votre développement - résultats

Vous n’avez pas pris ce quiz